• 首页
  • 本馆介绍
  • 公告通知
  • 最新文献
  • 馆藏检索
  • 电子资源
  • 读者导购
  • 参考咨询
  • 我的图书馆
  • 登录
  • 详细信息显示
  • 放入我的书架
  • 预约/预借图书
  • 作者相关作品
  • 分类相关作品
  • 丛书相关作品
  • 出版社相关作品

书目信息

  • 表格格式
  • 工作单格式
  • 卡片格式
题名:
主动控制中的控制器设计与实现
    
 
作者: 吴文伟 , 王飞 , 翁震平 编
分册:  
出版信息: 哈尔滨   哈尔滨工程大学出版社  2017
页数: 272页
开本: 26cm
丛书名:
单 册:
中图分类: TP332.3 , TM571
科图分类:
主题词: 微控制器--wei kong zhi qi--系统设计 , 控制器--kong zhi qi--设计
电子资源:
ISBN: 978-7-5661-1437-2
000 01208nam0 2200313 450
001 012017000045
005 20180111090359.80
010    @a978-7-5661-1437-2@b@dCNY55.00
100    @a20170513d2017 em y0chiy0121 ea
101 0  @achi
102    @aCN@b230000
105    @aak a 000yy
106    @ar
200 1  @a主动控制中的控制器设计与实现@Azhu dong kong zhi zhong de kong zhi qi she ji yu shi xian@d= Controller design and development for active control@f吴文伟, 王飞, 翁震平编@g@zeng
210    @a哈尔滨@c哈尔滨工程大学出版社@d2017
215    @a272页@c图@d26cm
320    @a有书目 (第271-272页)
330    @a本书内容涵盖控制芯片的选择, 软件开发平台的使用, 编程所需的C语言知识, 定时、A/D、D/A、信号处理的操作与实现方法, 并以STM32和C6647为例分别讨论了具体控制器硬件的实现。
510 1  @aController design and development for active control@zeng
606 0  @a微控制器@Awei kong zhi qi@x系统设计
606 0  @a控制器@Akong zhi qi@x设计
690    @aTP332.3@v5
690    @aTM571@v5
701  0 @a吴文伟@Awu wen wei@4编
701  0 @a王飞@Awang fei@4编
701  0 @a翁震平@Aweng zhen ping@4编
801  0 @aCN@b湖北三新@c20171115@g
905    @aBZT@dTP332.3@e10
906    @dCNY55.00@n5@r1
    
    主动控制中的控制器设计与实现= Controller design and development for active control/吴文伟, 王飞, 翁震平编.-哈尔滨:哈尔滨工程大学出版社,2017
    272页:图;26cm
    
    
    ISBN 978-7-5661-1437-2:CNY55.00
    本书内容涵盖控制芯片的选择, 软件开发平台的使用, 编程所需的C语言知识, 定时、A/D、D/A、信号处理的操作与实现方法, 并以STM32和C6647为例分别讨论了具体控制器硬件的实现。
●
相关链接 在五车中查询图书 在当当中查询图书 在豆瓣中查询图书


正题名:主动控制中的控制器设计与实现     索取号:TP332.3/10         预约/预借

序号 登录号 条形码 馆藏地/架位号 状态 备注
1 841900   2000841900   第二书库/ [索取号:TP332.3/10] 在馆    
2 841901   2000841901   第二书库/ [索取号:TP332.3/10] 在馆    
3 841902   2000841902   第二书库/ [索取号:TP332.3/10] 在馆    
山东省滨州职业学院图书馆 欢迎您!
大连网信软件有限公司© 版权所有